The fall of the house of Hutton (Record no. 43123)

MARC details
000 -LEADER
fixed length control field 00506nam a2200145 a 4500
008 - FIXED-LENGTH DATA ELEMENTS--GENERAL INFORMATION
fixed length control field 120416s0000 ||||||||||||||||| || u
020 ## - INTERNATIONAL STANDARD BOOK NUMBER
International Standard Book Number 0060973269
050 ## - LIBRARY OF CONGRESS CALL NUMBER
Classification number HG 4928.5 Car
100 ## - MAIN ENTRY--PERSONAL NAME
Personal name Carpenter, Donna Sammons
245 14 - TITLE STATEMENT
Title The fall of the house of Hutton
260 ## - PUBLICATION, DISTRIBUTION, ETC.
Place of publication, distribution, etc. New York
Name of publisher, distributor, etc. Harper & Row
Date of publication, distribution, etc. 1989
300 ## - PHYSICAL DESCRIPTION
Extent 322p.
350 ## - PRICE (NR) (BK AM CF MU VM SE) [OBSOLETE]
Price 0.00
995 ## - RECOMMENDATION 995 [LOCAL, UNIMARC FRANCE]
-- 0.00
-- CBU-MAIN LIBRARY (Kitwe)
-- 1
-- 10.95
-- 1
-- AVAILABLE
-- Annex Low-Usage Collection
Holdings
Withdrawn status Lost status Source of classification or shelving scheme Damaged status Not for loan Home library Current library Shelving location Date acquired Total Checkouts Full call number Barcode Date last seen Price effective from Koha item type
          CBU-MAIN LIBRARY, KITWE. CBU-MAIN LIBRARY, KITWE.   11/30/2022   HG 4928.5 Car 006725 11/30/2022 11/30/2022 MONOGRAPH